00474nam a2200157 a 450000100100000000500170001000800410002704000250006808200220009310000320011524500510014725000110019826000450020930000350025450400270028900002922020200930055415.0110414s2004 dr ac 000 0 spa d aDO-SdBNPbspacBNPHU axxxxbM375a, 20041 aMarte Pérez, Delio Anibal10aAquel atardecer /cDelio Anibal Marte Pérez. a3a ed. aPuerto Plata :bImprenta Acevedo,c2004. a39 p. :bil., retrs. ;c18 cm. aBibliografía : p. 39